Théodora - ILS ME RIENT TOUS AU NEZ - Statistiques

Statistiques générales
  • Ce quiz a été pris 564 fois
  • Le résultat moyen est 216 sur 253
Statistiques - réponses
Paroles % Correct
à
99%
au
98%
Au
98%
Ils
98%
je
98%
me
98%
rien
98%
nez
97%
pas
97%
tous
97%
m'a
96%
rient
96%
d'en
95%
le
95%
pour
95%
de
94%
donné
94%
j'suis
94%
juste
94%
perdre
94%
point
94%
trop
94%
Trop
94%
J'ai
93%
j'ai
93%
sommeil
93%
te
93%
va
93%
moi
92%
Moi
92%
Pourtant
92%
qui
92%
ça
91%
mon
91%
Mon
91%
que
91%
Si
91%
et
90%
les
90%
Les
90%
sa
89%
Quand
88%
passe
87%
passionnelle
87%
Sans
87%
un
87%
sonné
86%
souvent
86%
demander
85%
personne
85%
aide
84%
disent
84%
Mais
84%
j't'aime
83%
qu'ils
82%
une
82%
m'ont
81%
peu
81%
plus
81%
traite
81%
comme
80%
la
80%
m'avaient
80%
personnel
80%
tendu
79%
d'ingrats
78%
monte
78%
non
78%
putain
78%
bon
77%
sommier
77%
C'est
76%
messages
76%
raison
76%
Toi
76%
n'aime
75%
garce
74%
garçonnée
74%
hyper
74%
pression
73%
gentille
72%
super
72%
Tes
72%
Donc
70%
frappent
70%
cause
69%
vilains
69%
donnent
67%
fait
67%
main
66%
d'bâtonnet
65%
coeur
63%
plaide
62%
l'sont
61%
née
61%
est
58%
évite
57%
qu'ai
57%
Méchante
56%
sonner
56%
déjà
55%
longues
54%
semaines
53%
devant
51%
pleuré
51%
plusieurs
51%
Stationne
51%
problèmes
50%
seul
49%
passionelle
45%
rester
38%
Aucun quiz correspondant
Distribution des résultats
% des personnes avec chaque résultat
Percentile par nombre de réponses
Votre historique - résultats
Vous n’avez pas pris ce quiz